Statistics for WWE Nicknames

Click here to take the quiz!

General Stats

  • This quiz has been taken 467 times
  • The average score is 29 of 45

Answer Stats

HintAnswer% Correct
The DeadmanUndertaker
96%
The R-Rated SuperstarEdge
91%
The Big Red MachineKane
88%
HBKShawn Michaels
85%
Strongest Man in The WorldMark Henry
82%
The AnimalBatista
81%
World's Biggest AthleteBig Show
81%
The Cerebral AssassinHHH
81%
The Beast IncarnateBrock Lesnar
79%
Y2JChris Jericho
79%
The Macho ManRandy Savage
78%
The Doctor of ThuganomicsJohn Cena
77%
The Apex PredatorRandy Orton
76%
The Celtic WarriorSheamus
76%
The Architect of the ShieldSeth Rollins
74%
The Texas RattlesnakeStone Cold
74%
The Awesome OneThe Miz
74%
The Brahma BullThe Rock
72%
Captain CharismaChristian
71%
Big Daddy CoolDiesel/Kevin Nash
69%
The All-American AmericanJack Swagger
68%
The 8th Wonder of the WorldAndre the Giant
67%
The Straight Edge SuperstarCM Punk
67%
Latino HeatEddie Guerrero
66%
The Show-OffDolph Ziggler
65%
The Eater of WorldsBray Wyatt
64%
The Million Dollar ManTed DiBiase
64%
SuperflyJimmy Snuka
60%
The GlamazonBeth Phoenix
59%
HacksawJim Duggan
59%
The Punjabi PlayboyThe Great Khali
59%
Air BourneEvan Bourne
58%
The KingJerry Lawler
57%
DashingCody Rhodes
54%
The Immortal OneHulk Hogan
54%
The DragonRicky Steamboat
51%
The Bad GuyRazor Ramon
50%
The FunkasaurusBrodus Clay
49%
The One Man Rock BandHeath Slater
47%
The Ravishing OneRick Rude
47%
The Bizarre OneGoldust
42%
The Mexican AristocratAlberto Del Rio
41%
The American DragonDaniel Bryan
35%
Mr. Monday NightRVD
30%
The Boom Squad GeneralKofi Kingston
28%

Score Distribution

Percentile by Number Answered

Percent of People with Each Score

Your Score History

You have not taken this quiz